000 01212nam a2200337 i 4500
001 000038577
003 DO-SdBNP
005 20260409150257.0
007 ta
008 130415s20uu dr ac 000 0 spa d
020 _a8449942942
040 _aDO-SdBNP
_bspa
_cBNPHU
_erda
041 _aspa
082 4 _a759.97293
_bT649c
_222
100 1 _aTolentino, Marianne de.
_eautor
_915222
_4aut.
245 1 0 _aCándido Bidó el artista y su obra /
_ctextos, Marianne de Tolentino ; prólogo, Arnulfo Soto ; fotografías, Onorio Montas.
264 _aBarcelona :
_bSirvensae,
_c [1980?]
300 _a191 páginas :
_bilustraciones, fotografías, retratos ;
_c24 cm.
336 _atexto
_btxt
_2rdacontent
337 _asin mediación
_bn
_2rdamedia
338 _avolumen
_bnc
_2rdacarrier a
534 _aTexto en inglés y español
600 1 0 _aBidó, Cándido,
_d1936-
_989284
650 7 _aPintores dominicanos
_2LEMB
_911660
650 7 _aPintura dominicana
_2LEMB
_91858
700 1 _aBidó, Cándido, $d 1936-
_d1936-
_989296
700 1 _aSoto, Arnulfo
_eprologuista
_964917
_4pr.
700 1 _aMontás, Onorio
_efotógrafos
_959042
_4fot.
910 _aValidado. Control de calidad MFF
942 _2ddc
_cLBS1
999 _c38067
_d38067